| 000 | 00773nam a2200229 i 4500 | ||
|---|---|---|---|
| 001 | 124772 | ||
| 003 | ES-MaACL | ||
| 005 | 20230906192508.0 | ||
| 007 | t| | ||
| 008 | 070418s1919 sp ||||1| spa d | ||
| 080 | _a821.134.2-23"19" | ||
| 100 | 1 |
_aLuca de Tena, Juan Ignacio, _d1897-1975 _974513 |
|
| 245 | 1 | 3 |
_aLo que ha de ser _b: comedia en tres actos / _coriginal de Juan Ignacio Luca de Tena. |
| 260 |
_a[Madrid : _bLa Novela Teatral, _c1919] |
||
| 300 |
_a16 h. ; _c20 cm. |
||
| 490 | 1 |
_aLa novela teatral ; _v126 |
|
| 500 | _aEn la cub. caricatura J. Ignacio Luca de Tena por Tovar. | ||
| 700 | 0 |
_aTovar _c, ilustrador. _9157378 |
|
| 830 | 0 |
_aLa novela teatral ; _v126 _9122427 |
|
| 852 |
_aES-MaACL _j2215-F-14 _bR.138733 |
||
| 999 |
_c124772 _d124772 |
||